000 01497cam a2200457 a 4500
001 sjds298461
003 sjds
005 20170222161747.0
008 050805s2005 nyu 001 0 spa
010 _a 2005053158
020 _a0307275620 (pbk.)
020 _a9780307275622 (pbk.)
035 _a(OCoLC)61247460
040 _aDLC
_cDLC
_dBAKER
_dLNQ
_dUtOrBLW
041 1 _aspa
_heng
049 _aIFAA
099 _aESPANOL 613.25 GUILIANO
999 _c16543
_d16543
999 _bESPANOL 613.25 GUILIANO
100 1 _aGuiliano, Mireille,
_d1946-
_eauthor.
240 1 0 _aFrench women don't get fat.
_lSpanish
245 1 4 _aLas francesas no engordan /
_cMireille Guiliano.
246 1 8 _aFrancesas no engordan :
_bel secreto de comer por placer
260 _aNew York :
_bVintage Books,
_c2005.
264 1 _aNew York :
_bVintage Books,
_c2005.
300 _axi, 285 pages :
_billustrations ;
_c21 cm.
336 _atext
_btxt
_2rdacontent
337 _aunmediated
_bn
_2rdamedia
338 _avolume
_bnc
_2rdacarrier
490 1 _aVintage español
500 _aIncludes index.
650 0 _aReducing diets.
650 0 _aWomen
_xHealth and hygiene
_zFrance.
650 0 _aFood habits
_zFrance.
650 0 _aFood
_xPsychological aspects.
650 7 _aDietas para adelgazar.
_2bidex
650 7 _aMujeres
_xSalud e higiene
_zFrancia.
_2bidex
650 7 _aHábitos alimenticios
_zFrancia.
_2bidex
650 7 _aAlimentos
_xAspectos psicológicos.
_2bidex
830 0 _aVintage español.
942 _cBK